[Event "Soviet zonal"]
[Site "Vilnius URS"]
[Date "1975.08.??"]
[Round "6"]
[White "Vasiukov, Evgeny"]
[Black "Gulko, Boris"]
[Result "1/2-1/2"]
[WhiteElo "2560"]
[BlackElo "2480"]
[EventDate "1975.08.06"]
[PlyCount "82"]

1.e4 g6 2.d4 Bg7 3.Nf3 d6 4.Nc3 Nf6 5.Be2 O-O 6.O-O Nc6 7.d5 Nb8 8.a4 Bg4 
9.a5 c6 10.Be3 Qc7 11.h3 Bxf3 12.Bxf3 Rc8 13.Re1 Nbd7 14.Bd4 a6 15.Na4 Rd8
16.Nb6 Rab8 17.b3 c5 18.Bc3 Ne8 19.Bxg7 Kxg7 20.Nc4 Nef6 21.Ra4 Ne5 22.Be2
Nxc4 23.Bxc4 Nd7 24.f4 h5 25.Qd2 Rh8 26.Qc3+ f6 27.Raa1 Rbg8 28.h4 Kf8 29.
Re2 Ke8 30.Rd1 Rf8 31.Re3 Kd8 32.g3 Rhg8 33.Be2 Kc8 34.Bf3 Kb8 35.Kf2 g5 
36.Rg1 g4 37.Bg2 Rc8 38.Ra1 Ka8 39.Kg1 Qb8 40.Kh2 Rgf8 41.Bf1 Rc7 1/2-1/2

[Event "Soviet zonal"]
[Site "Vilnius URS"]
[Date "1975.08.??"]
[Round "7"]
[White "Alburt, Lev"]
[Black "Vaganian, Rafael"]
[Result "1-0"]
[WhiteElo "2420"]
[BlackElo "2530"]
[EventDate "1975.08.06"]
[PlyCount "92"]

1.d4 Nf6 2.c4 g6 3.Nc3 d5 4.Nf3 Bg7 5.Bf4 O-O 6.e3 c6 7.Be2 Be6 8.Ng5 Bf5 
9.O-O Na6 10.Qb3 Qb6 11.Qxb6 axb6 12.Na4 Nb4 13.Nxb6 Ra6 14.a3 dxc4 15.
Nxc4 Bd3 16.Rae1 Bxe2 17.Rxe2 Nd3 18.Bg3 h6 19.Nf3 Ne4 20.Rc2 b5 21.Nce5 
Nxg3 22.hxg3 Nxe5 23.dxe5 Rc8 24.Rfc1 Kf8 25.Rc5 Rb6 26.Nd4 Ke8 27.Nxc6 
Kd7 28.Nd4 Rxc5 29.Rxc5 b4 30.a4 f6 31.a5 Ra6 32.Nc2 b3 33.Nd4 fxe5 34.
Nxb3 e4 35.Rc2 Ke8 36.Kf1 Be5 37.Ke2 Ra8 38.Kd2 h5 39.Rc6 Bxb2 40.Rxg6 Kf7
41.Rg5 Ba3 42.Rxh5 Rb8 43.Kc2 Rc8+ 44.Kb1 Bb4 45.Re5 Rc4 46.a6 Rc3 1-0

[Event "Soviet zonal"]
[Site "Vilnius URS"]
[Date "1975.08.??"]
[Round "7"]
[White "Dvoretsky, Mark"]
[Black "Vasiukov, Evgeny"]
[Result "1/2-1/2"]
[WhiteElo "2495"]
[BlackElo "2560"]
[EventDate "1975.08.06"]
[PlyCount "77"]

1.c4 Nf6 2.Nc3 g6 3.g3 Bg7 4.Bg2 O-O 5.e3 e5 6.Nge2 d6 7.O-O Re8 8.d3 Nbd7
9.Rb1 Nf8 10.b4 h5 11.h3 Be6 12.Bxb7 Bxh3 13.Bxa8 Qxa8 14.e4 Bxf1 15.Qxf1 
Ne6 16.f3 c6 17.Be3 d5 18.cxd5 cxd5 19.Na4 Nd7 20.Qd1 f5 21.Qc2 fxe4 22.
dxe4 Nf6 23.Nc5 Kh7 24.Nxe6 Rxe6 25.exd5 Qxd5 26.Rb3 Rc6 27.Bc5 Nd7 28.Rc3
Nxc5 29.Rxc5 Rxc5 30.bxc5 Bf8 31.c6 Bc5+ 32.Kg2 Qxc6 33.Qc4 Qd6 34.Qf7+ 
Kh6 35.Qg8 Qf8 36.Qd5 Qd6 37.Qg8 Qf8 38.Qd5 Qd6 39.Qg8 1/2-1/2

[Event "Soviet zonal"]
[Site "Vilnius URS"]
[Date "1975.08.??"]
[Round "7"]
[White "Gulko, Boris"]
[Black "Balashov, Yury"]
[Result "1-0"]
[WhiteElo "2480"]
[BlackElo "2540"]
[EventDate "1975.08.06"]
[PlyCount "59"]

1.d4 Nf6 2.c4 e6 3.Nc3 Bb4 4.e3 c5 5.Ne2 cxd4 6.exd4 d5 7.c5 Ne4 8.Bd2 
Nxd2 9.Qxd2 a5 10.a3 Bxc3 11.Nxc3 a4 12.Bb5+ Bd7 13.O-O O-O 14.Rac1 Bxb5 
15.Nxb5 Qa5 16.Qd3 Nc6 17.Rc3 Qa6 18.f4 g6 19.g4 Ne7 20.Qe2 Rfe8 21.Re3 
Nc6 22.f5 e5 23.fxg6 fxg6 24.dxe5 Rad8 25.Nd6 Qxe2 26.Rxe2 Rxe5 27.Ref2 
Re7 28.g5 Ne5 29.Rd2 Nc4 30.Nxc4 1-0

[Event "Soviet zonal"]
[Site "Vilnius URS"]
[Date "1975.08.??"]
[Round "7"]
[White "Tukmakov, Vladimir"]
[Black "Savon, Vladimir"]
[Result "1/2-1/2"]
[WhiteElo "2570"]
[BlackElo "2575"]
[EventDate "1975.08.06"]
[PlyCount "125"]

1.c4 e5 2.g3 c6 3.Nf3 e4 4.Nd4 d5 5.cxd5 Qxd5 6.Nb3 Nf6 7.Nc3 Qh5 8.h3 Bb4
9.Bg2 Qg6 10.Qc2 Bxc3 11.dxc3 e3 12.Qxg6 exf2+ 13.Kxf2 hxg6 14.Na5 O-O 15.
Rd1 Nbd7 16.b4 Re8 17.Rd4 Nf8 18.c4 c5 19.Rd6 cxb4 20.Bd2 Bxh3 21.Bxb7 
Ne4+ 22.Bxe4 Rxe4 23.Bxb4 Rae8 24.Re1 Nd7 25.Bc3 Bg4 26.Rd2 Nc5 27.Bd4 Rc8
28.Nb3 Ne6 29.Bxa7 Rexc4 30.Be3 Ra4 31.Rc1 Rca8 32.Rcc2 Bf5 33.Rb2 Rc4 34.
Rd5 Rca4 35.Nd4 Nxd4 36.Rxd4 Rxa2 37.Rxa2 Rxa2 38.g4 Be6 39.g5 f6 40.Kf3 
Ra5 41.Rb4 Bd5+ 42.Kf2 Kf7 43.Rb6 Ra4 44.Rd6 Be6 45.Rb6 Bc8 46.Rc6 Bd7 47.
Rd6 Ke7 48.Rb6 Rc4 49.Rb4 Rc2 50.Re4+ Kf7 51.Bf4 Bc6 52.Re3 Rc4 53.Kg3 Be4
54.Ra3 Ke6 55.Ra6+ Bc6 56.Ra7 Bd7 57.Ra6+ Kf5 58.Ra5+ Ke4 59.Ra7 Rc3+ 60.
e3 Rd3 61.Ra6 Kf5 62.gxf6 gxf6 63.Rd6 1/2-1/2

[Event "Soviet zonal"]
[Site "Vilnius URS"]
[Date "1975.08.??"]
[Round "8"]
[White "Alburt, Lev"]
[Black "Romanishin, Oleg"]
[Result "1-0"]
[WhiteElo "2420"]
[BlackElo "2480"]
[EventDate "1975.08.06"]
[PlyCount "79"]

1.d4 Nf6 2.c4 e6 3.g3 Bb4+ 4.Nd2 O-O 5.Bg2 d5 6.Qc2 a5 7.Nf3 b6 8.O-O Ba6 
9.b3 c6 10.e4 Nbd7 11.e5 Ne8 12.h4 Rc8 13.Ng5 g6 14.Ndf3 Ng7 15.Rd1 Be7 
16.Qd2 dxc4 17.Qe2 b5 18.bxc4 bxc4 19.Bd2 a4 20.Qe1 Bb5 21.Ba5 Qe8 22.Bh3 
Ra8 23.Qd2 c5 24.d5 Bxg5 25.Nxg5 exd5 26.Qxd5 Rxa5 27.Bxd7 Bxd7 28.Qxd7 
Qxe5 29.Nxf7 Qf6 30.Nh6+ Kh8 31.Ng4 Qf3 32.Rab1 Raa8 33.Rb7 Qc3 34.Rd6 
Rfb8 35.Rc7 Qe1+ 36.Kg2 Rg8 37.Nh6 Qe4+ 38.Kh2 Raf8 39.Rf6 Qe8 40.Rxf8 1-0

[Event "Soviet zonal"]
[Site "Vilnius URS"]
[Date "1975.08.??"]
[Round "8"]
[White "Gufeld, Eduard"]
[Black "Bronstein, David"]
[Result "1/2-1/2"]
[WhiteElo "2535"]
[BlackElo "2590"]
[EventDate "1975.08.06"]
[PlyCount "54"]

1.e4 c5 2.Nf3 d6 3.d4 cxd4 4.Nxd4 Nf6 5.Nc3 a6 6.Bg5 e6 7.f4 b5 8.e5 dxe5 
9.fxe5 Qc7 10.exf6 Qe5+ 11.Be2 Qxg5 12.Qd3 Qxf6 13.Rf1 Qg5 14.Ne4 Qe5 15.
Rd1 Bb4+ 16.c3 Be7 17.Nf3 Qc7 18.Neg5 Bf6 19.Nxh7 Nd7 20.Nxf6+ Nxf6 21.Ne5
O-O 22.Qg3 Ne4 23.Qf4 f5 24.Ng6 Qxf4 25.Rxf4 Re8 26.Ne5 g5 27.Rf1 Bb7 
1/2-1/2

[Event "Soviet zonal"]
[Site "Vilnius URS"]
[Date "1975.08.??"]
[Round "8"]
[White "Taimanov, Mark"]
[Black "Tseshkovsky, Vitaly"]
[Result "0-1"]
[WhiteElo "2580"]
[BlackElo "2555"]
[EventDate "1975.08.06"]
[PlyCount "100"]

1.c4 e5 2.Nc3 d6 3.g3 g6 4.d4 Bg7 5.dxe5 dxe5 6.Qxd8+ Kxd8 7.Bg5+ f6 8.
O-O-O+ Bd7 9.Bd2 Nc6 10.Bh3 Nd4 11.Bxd7 Kxd7 12.Be3 c5 13.Bxd4 cxd4 14.e3 
Rc8 15.b3 Ke6 16.exd4 exd4 17.Nb5 a6 18.Nxd4+ Kf7 19.Kb1 Ne7 20.Ngf3 Rhd8 
21.a4 Rd7 22.Nc2 Rcd8 23.Rxd7 Rxd7 24.Ne3 h5 25.Rd1 Rxd1+ 26.Nxd1 Nc6 27.
Kc2 Ke6 28.Ne3 Bf8 29.Nd5 g5 30.h4 Kf5 31.Kd3 Nb4+ 32.Kd4 Nxd5 33.Kxd5 Kg4
34.Ke4 gxh4 35.gxh4 Bc5 36.Nd4 Kxh4 37.Nf5+ Kg5 38.f4+ Kg4 39.Nh6+ Kg3 40.
Nf5+ Kf2 41.Kd5 Be3 42.Ke6 Kf3 43.Kxf6 Kxf4 44.b4 Bd2 45.b5 axb5 46.axb5 
Bb4 47.b6 Bc5 48.Ng7 Bd4+ 49.Kg6 Bxg7 50.Kxg7 Ke5 0-1

[Event "Soviet zonal"]
[Site "Vilnius URS"]
[Date "1975.08.??"]
[Round "8"]
[White "Vasiukov, Evgeny"]
[Black "Grigorian, Karen"]
[Result "1-0"]
[WhiteElo "2560"]
[BlackElo "2520"]
[EventDate "1975.08.06"]
[PlyCount "47"]

1.e4 c5 2.Nf3 d6 3.d4 cxd4 4.Qxd4 a6 5.Be3 Nf6 6.Nc3 Bg4 7.e5 Nc6 8.Qa4 b5
9.Bxb5 axb5 10.Qxb5 Qc8 11.exf6 Rb8 12.Qa4 Rb4 13.Qa3 e6 14.O-O-O gxf6 15.
Rhe1 Be7 16.h3 Bh5 17.Nd4 d5 18.Nf5 exf5 19.Bc5 Re4 20.f3 d4 21.Nxe4 fxe4 
22.Bxe7 Bg6 23.Bxf6 e3 24.Rxd4 1-0

[Event "Soviet zonal"]
[Site "Vilnius URS"]
[Date "1975.08.??"]
[Round "9"]
[White "Bronstein, David"]
[Black "Vasiukov, Evgeny"]
[Result "1/2-1/2"]
[WhiteElo "2590"]
[BlackElo "2560"]
[EventDate "1975.08.06"]
[PlyCount "46"]

1.e4 c5 2.Nf3 Nc6 3.d4 cxd4 4.Nxd4 Qb6 5.c3 d6 6.Be3 Nf6 7.Ne6 Qa5 8.Nxf8 
Nxe4 9.b4 Qc7 10.Bd3 Nf6 11.Nxh7 Nxh7 12.c4 Nf6 13.Nc3 Nxb4 14.Be2 Qa5 15.
Qd2 Bf5 16.Rc1 Rc8 17.O-O b6 18.Nb5 O-O 19.Rfd1 Ne4 20.Qb2 Qxa2 21.Qxb4 
Qxe2 22.Nxa7 Ra8 23.Nc6 Rfe8 1/2-1/2

[Event "Soviet zonal"]
[Site "Vilnius URS"]
[Date "1975.08.??"]
[Round "9"]
[White "Grigorian, Karen"]
[Black "Balashov, Yury"]
[Result "0-1"]
[WhiteElo "2480"]
[BlackElo "2540"]
[EventDate "1975.08.06"]
[PlyCount "143"]

1.d4 Nf6 2.c4 e6 3.Nf3 b6 4.Nc3 Bb7 5.Bg5 h6 6.Bh4 g5 7.Bg3 Nh5 8.e3 Nxg3 
9.hxg3 Bg7 10.g4 d6 11.Bd3 Nd7 12.Be4 c6 13.Nd2 d5 14.cxd5 cxd5 15.Bd3 a6 
16.Nf1 Bf8 17.Ng3 Bd6 18.Rh3 b5 19.a4 b4 20.Nce2 Nb6 21.b3 Nd7 22.f3 Qb6 
23.Rc1 Rc8 24.Rxc8+ Bxc8 25.Kf2 Nf6 26.Nh5 Nxh5 27.Rxh5 Bf8 28.Rh1 Bb7 29.
Qd2 Bd6 30.Qd1 Kd7 31.g3 Kc8 32.Qd2 Kb8 33.Qd1 Bc8 34.Qd2 Bc7 35.Qc2 Bd6 
36.Kg2 Bb7 37.Qd2 Bc7 38.Kf2 Qd6 39.Bc2 Bb6 40.Kg2 Ka7 41.Bd3 Qe7 42.Kf2 
a5 43.Bb1 Qf6 44.Bc2 Bc8 45.Bd3 Bb7 46.Bb1 Qg7 47.Bd3 Rd8 48.Rh2 Qf6 49.
Rh1 Re8 50.Kg2 e5 51.Bb5 Re7 52.Kf2 e4 53.f4 gxf4 54.Nxf4 Rc7 55.Rc1 Qd8 
56.Rxc7 Qxc7 57.Be2 Qc8 58.Bd1 Kb8 59.Qc2 Qf8 60.Be2 Bd8 61.Qc1 Qd6 62.Bb5
Bg5 63.Be8 Bxf4 64.gxf4 Qe7 65.Qc5 Qxe8 66.Qxa5 Qc8 67.Qxb4 Qxg4 68.Qd6+ 
Ka8 69.Qd8+ Qc8 70.Qa5+ Kb8 71.Qb6 h5 72.b4 0-1

[Event "Soviet zonal"]
[Site "Vilnius URS"]
[Date "1975.08.??"]
[Round "9"]
[White "Romanishin, Oleg"]
[Black "Vaganian, Rafael"]
[Result "0-1"]
[WhiteElo "2480"]
[BlackElo "2530"]
[EventDate "1975.08.06"]
[PlyCount "56"]

1.d4 Nf6 2.c4 c5 3.Nf3 cxd4 4.Nxd4 a6 5.Nc3 e6 6.e3 Nc6 7.Be2 d5 8.O-O Bd6
9.b3 Qc7 10.h3 Na5 11.cxd5 Qxc3 12.Bd2 Qc7 13.Rc1 Qd8 14.b4 e5 15.Nf3 e4 
16.Nd4 Qe7 17.bxa5 Bxh3 18.gxh3 Qe5 19.f4 exf3 20.Qa4+ Kd8 21.Nxf3 Qg3+ 
22.Kh1 Qxh3+ 23.Kg1 Qg3+ 24.Kh1 Ng4 25.Qb3 Re8 26.e4 Qh3+ 27.Kg1 Bh2+ 28.
Kh1 Bb8+ 0-1

[Event "Soviet zonal"]
[Site "Vilnius URS"]
[Date "1975.08.??"]
[Round "9"]
[White "Tseshkovsky, Vitaly"]
[Black "Alburt, Lev"]
[Result "1-0"]
[WhiteElo "2555"]
[BlackElo "2420"]
[EventDate "1975.08.06"]
[PlyCount "53"]

1.d4 Nf6 2.c4 c5 3.d5 b5 4.cxb5 a6 5.Nc3 axb5 6.e4 b4 7.Nb5 d6 8.Bf4 Nbd7 
9.Nf3 Nb6 10.Rc1 Nxe4 11.Bd3 Nf6 12.Qe2 e6 13.dxe6 fxe6 14.Ng5 Nbd5 15.
Nxe6 Nxf4 16.Nxf4+ Be7 17.Bc4 Bg4 18.f3 Bf5 19.Rd1 Kf8 20.g4 g5 21.Ne6+ 
Bxe6 22.Qxe6 Kg7 23.Qf7+ Kh6 24.h4 Qe8 25.hxg5+ Kxg5 26.Rd5+ Kf4 27.Kf2 
1-0

[Event "Soviet zonal"]
[Site "Vilnius URS"]
[Date "1975.08.??"]
[Round "10"]
[White "Alburt, Lev"]
[Black "Tukmakov, Vladimir"]
[Result "1/2-1/2"]
[WhiteElo "2420"]
[BlackElo "2570"]
[EventDate "1975.08.06"]
[PlyCount "65"]

1.d4 Nf6 2.c4 g6 3.Nc3 d5 4.Nf3 Bg7 5.Bf4 O-O 6.e3 c5 7.dxc5 Ne4 8.Be5 
Bxe5 9.Nxe5 Nxc3 10.bxc3 Qc7 11.Qd4 f6 12.Nf3 Nc6 13.Qxd5+ Kg7 14.Qd2 e5 
15.Be2 Na5 16.O-O Be6 17.Qb2 Qxc5 18.Nd2 Qc7 19.Qb4 Rac8 20.Rfd1 b6 21.c5 
Qxc5 22.Ba6 Rc7 23.Ne4 Qe7 24.h3 h5 25.Rd2 Nc4 26.Qxe7+ Rxe7 27.Bxc4 Bxc4 
28.a4 Rc7 29.a5 bxa5 30.Rxa5 Be6 31.Rd6 Bf5 32.Nd2 Rxc3 33.Rxa7+ 1/2-1/2

[Event "Soviet zonal"]
[Site "Vilnius URS"]
[Date "1975.08.??"]
[Round "10"]
[White "Romanishin, Oleg"]
[Black "Tseshkovsky, Vitaly"]
[Result "1-0"]
[WhiteElo "2480"]
[BlackElo "2555"]
[EventDate "1975.08.06"]
[PlyCount "85"]

1.d4 Nf6 2.c4 g6 3.Nc3 Bg7 4.e4 d6 5.f3 O-O 6.Be3 Nc6 7.Nge2 a6 8.Qd2 Rb8 
9.h4 b5 10.h5 bxc4 11.hxg6 fxg6 12.Nf4 e6 13.Bxc4 d5 14.Bb3 Na5 15.e5 Ne8 
16.g4 Nc4 17.Bxc4 dxc4 18.O-O-O Qd7 19.Qh2 h6 20.g5 Rxf4 21.Qxf4 h5 22.d5 
Bb7 23.Qxc4 Qf7 24.f4 exd5 25.Nxd5 Kh8 26.Rh2 Bc8 27.Qc5 Bg4 28.Rdd2 Bxe5 
29.Qe7 Qxe7 30.Nxe7 Bd6 31.Nxg6+ Kg8 32.Ne5 Bxe5 33.fxe5 Ng7 34.g6 Nf5 35.
Bc5 Re8 36.Rd7 Rxe5 37.Rxc7 Re1+ 38.Kc2 Ng7 39.Bd4 Ne8 40.Ra7 Re6 41.g7 
Rc6+ 42.Kd2 Nf6 43.Ra8+ 1-0

[Event "Soviet zonal"]
[Site "Vilnius URS"]
[Date "1975.08.??"]
[Round "10"]
[White "Taimanov, Mark"]
[Black "Gulko, Boris"]
[Result "1/2-1/2"]
[WhiteElo "2580"]
[BlackElo "2480"]
[EventDate "1975.08.06"]
[PlyCount "54"]

1.c4 e5 2.Nc3 Nc6 3.g3 g6 4.Bg2 Bg7 5.Rb1 Nf6 6.b4 O-O 7.b5 Ne7 8.Nf3 d5 
9.cxd5 Nexd5 10.Bb2 Re8 11.O-O e4 12.Nd4 Nxc3 13.dxc3 Qd5 14.Qb3 Qh5 15.c4
Bh3 16.f3 Re7 17.Rf2 exf3 18.exf3 Rae8 19.Rbf1 Bxg2 20.Kxg2 Nd7 21.Qc2 Nb6
22.Rc1 Re3 23.Nb3 Bxb2 24.Qxb2 Qf5 25.Rc3 Re1 26.Qd2 h5 27.Qf4 Qxf4 
1/2-1/2

[Event "Soviet zonal"]
[Site "Vilnius URS"]
[Date "1975.08.??"]
[Round "10"]
[White "Vaganian, Rafael"]
[Black "Gufeld, Eduard"]
[Result "1/2-1/2"]
[WhiteElo "2530"]
[BlackElo "2535"]
[EventDate "1975.08.06"]
[PlyCount "82"]

1.Nf3 g6 2.c4 Bg7 3.Nc3 c5 4.e3 Nf6 5.d4 O-O 6.Be2 cxd4 7.exd4 d5 8.O-O 
Nc6 9.Bg5 Be6 10.cxd5 Bxd5 11.Nxd5 Qxd5 12.Qa4 Rac8 13.Rfd1 e6 14.Rac1 Qd6
15.Qb5 Qb4 16.Qxb4 Nxb4 17.Ne5 Nfd5 18.Bd2 Nc2 19.Nf3 Nxd4 20.Nxd4 Bxd4 
21.Bf3 Bf6 22.Kf1 Rfd8 23.Rxc8 Rxc8 24.Rc1 Rd8 25.Rc2 Kg7 26.g3 Bd4 27.a4 
Rd7 28.b3 h5 29.Ke2 Ne7 30.Ba5 b6 31.Bb4 Nd5 32.Bd2 a5 33.Rc4 e5 34.Bg2 
Ne7 35.f4 Nf5 36.Bh3 Re7 37.Bxf5 gxf5 38.fxe5 Bxe5 39.Be3 Re6 40.Kf3 Kg6 
41.Rc8 f6 1/2-1/2

[Event "Soviet zonal"]
[Site "Vilnius URS"]
[Date "1975.08.??"]
[Round "10"]
[White "Vasiukov, Evgeny"]
[Black "Kholmov, Ratmir"]
[Result "0-1"]
[WhiteElo "2560"]
[BlackElo "2540"]
[EventDate "1975.08.06"]
[PlyCount "90"]

1.e4 e5 2.Nf3 Nc6 3.Bb5 a6 4.Ba4 Nf6 5.Qe2 d6 6.c3 b5 7.Bc2 Be7 8.O-O O-O 
9.d4 Re8 10.a4 Bd7 11.d5 Na7 12.axb5 axb5 13.Be3 Qb8 14.b4 c6 15.dxc6 Bxc6
16.Nbd2 Nc8 17.Bd3 Rxa1 18.Rxa1 d5 19.Bg5 dxe4 20.Nxe4 Nd5 21.Ra6 Bb7 22.
Ra5 Bxg5 23.Nfxg5 h6 24.Nxf7 Kxf7 25.Qh5+ Kf8 26.Rxb5 Qc7 27.Qf5+ Kg8 28.
Qg6 Qc6 29.Qg4 Ncb6 30.f3 Bc8 31.Qg3 Nf4 32.Rc5 Qe6 33.Bf1 Re7 34.Qf2 Qg6 
35.Qd2 Bf5 36.Ng3 Bd3 37.Bxd3 Nxd3 38.Rb5 Rd7 39.Qa2+ Kh7 40.Ne4 Nf4 41.h4
Rd1+ 42.Kh2 Nc4 43.g4 Nd2 44.Nxd2 Qd3 45.Ne4 Qxb5 0-1

[Event "Soviet zonal"]
[Site "Vilnius URS"]
[Date "1975.08.??"]
[Round "11"]
[White "Bronstein, David"]
[Black "Savon, Vladimir"]
[Result "1/2-1/2"]
[WhiteElo "2590"]
[BlackElo "2575"]
[EventDate "1975.08.06"]
[PlyCount "32"]

1.d4 Nf6 2.c4 e6 3.Nc3 Bb4 4.Qc2 O-O 5.Nf3 d6 6.Bd2 Nbd7 7.a3 Bxc3 8.Bxc3 
Qe7 9.e4 e5 10.d5 Nc5 11.Nd2 Bd7 12.Be2 Ne8 13.b4 Na4 14.O-O f5 15.exf5 
Nxc3 16.Qxc3 Bxf5 1/2-1/2

[Event "Soviet zonal"]
[Site "Vilnius URS"]
[Date "1975.08.??"]
[Round "11"]
[White "Kholmov, Ratmir"]
[Black "Balashov, Yury"]
[Result "1-0"]
[WhiteElo "2540"]
[BlackElo "2540"]
[EventDate "1975.08.06"]
[PlyCount "91"]

1.Nf3 Nf6 2.c4 g6 3.b3 Bg7 4.Bb2 O-O 5.e3 d6 6.d4 Nbd7 7.Be2 e5 8.dxe5 
dxe5 9.O-O Qe7 10.Ba3 c5 11.Nc3 e4 12.Nd2 b6 13.Qc2 Bb7 14.Rfe1 Rad8 15.
Rad1 h5 16.f4 exf3 17.Bxf3 Bxf3 18.Nxf3 Ne5 19.e4 Rxd1 20.Rxd1 Neg4 21.Bc1
Re8 22.h3 Ne5 23.Bf4 Nxf3+ 24.gxf3 Qe6 25.Kg2 h4 26.Nd5 Nh5 27.Bg5 f5 28.
Re1 Qf7 29.Bxh4 fxe4 30.Rxe4 Rf8 31.Qe2 Kh8 32.Bg5 Qf5 33.h4 Kh7 34.Re6 
Qb1 35.Re7 a5 36.Nxb6 Qa1 37.Nd5 a4 38.Qd2 axb3 39.axb3 Ra8 40.Re1 Qa7 41.
Nf4 Nxf4+ 42.Bxf4 Qb7 43.Qd5 Qc8 44.Re7 Ra2+ 45.Kg3 Qf8 46.Rf7 1-0

[Event "Soviet zonal"]
[Site "Vilnius URS"]
[Date "1975.08.??"]
[Round "11"]
[White "Tseshkovsky, Vitaly"]
[Black "Vaganian, Rafael"]
[Result "1-0"]
[WhiteElo "2555"]
[BlackElo "2530"]
[EventDate "1975.08.06"]
[PlyCount "55"]

1.e4 e6 2.d4 d5 3.Nd2 Nf6 4.e5 Nfd7 5.f4 c5 6.c3 Nc6 7.Ndf3 Qa5 8.Be3 b5 
9.dxc5 b4 10.Nd4 Bb7 11.a3 bxc3 12.b4 Qd8 13.Ngf3 a6 14.Nxc6 Bxc6 15.Nd4 
Qc7 16.Rc1 h5 17.h4 Nb8 18.Rxc3 Qd7 19.Bd3 g6 20.g4 Ba4 21.c6 Bxc6 22.Qc2 
hxg4 23.Nxc6 Nxc6 24.Rxc6 Be7 25.Rc7 Rxh4 26.Rxh4 Bxh4+ 27.Ke2 Qd8 28.Bxg6
1-0

[Event "Soviet zonal"]
[Site "Vilnius URS"]
[Date "1975.08.??"]
[Round "11"]
[White "Tukmakov, Vladimir"]
[Black "Romanishin, Oleg"]
[Result "1/2-1/2"]
[WhiteElo "2570"]
[BlackElo "2480"]
[EventDate "1975.08.06"]
[PlyCount "162"]

1.e4 e5 2.Nf3 Nc6 3.Bb5 a6 4.Ba4 Nf6 5.O-O Be7 6.Re1 b5 7.Bb3 d6 8.c3 O-O 
9.h3 Na5 10.Bc2 c5 11.d4 Nc6 12.d5 Na5 13.b3 Nb7 14.Be3 a5 15.a4 b4 16.
Nbd2 Ne8 17.Nc4 g6 18.Bh6 Ng7 19.g4 Qc7 20.Kh2 f6 21.Rg1 Nd8 22.Bd2 Nf7 
23.Bd3 Kh8 24.Qc2 Bd8 25.Raf1 Qd7 26.Ne3 Rb8 27.Rg3 Ng5 28.Nh4 Qe8 29.Nc4 
Nf7 30.Ng2 Qe7 31.f4 exf4 32.Bxf4 Bc7 33.Rgf3 Bd7 34.cxb4 axb4 35.Qb2 Kg8 
36.Bg3 Ne5 37.Nxe5 dxe5 38.Qf2 Bd8 39.Ne3 Ne8 40.Nc4 Bc7 41.g5 Kg7 42.Qb2 
Kg8 43.Nxe5 f5 44.Nxd7 Bxg3+ 45.Rxg3 Qxd7 46.e5 Qg7 47.Rf2 Nc7 48.Bc4 Rfe8
49.Re3 Rbd8 50.d6+ Ne6 51.Qc2 h6 52.Bxe6+ Rxe6 53.Qc4 Qf7 54.gxh6 Kh7 55.
Qxc5 f4 56.Qxb4 g5 57.Qe4+ Qg6 58.Re1 Qxe4 59.Rxe4 Kg6 60.Rd2 Kf5 61.Re1 
Rxh6 62.e6 Rdh8 63.Rd5+ Kf6 64.Rd3 g4 65.e7 f3 66.d7 Rxh3+ 67.Kg1 Rg3+ 68.
Kf2 Rg2+ 69.Ke3 Kxe7 70.d8=Q+ Rxd8 71.Kf4+ Re2 72.Rxe2+ fxe2 73.Re3+ Kf6 
74.Rxe2 Rb8 75.Rb2 Rb4+ 76.Ke3 Ke5 77.Kd3 g3 78.Ke3 g2 79.Kf2 Kd4 80.Kxg2 
Kc3 81.Rf2 Kxb3 1/2-1/2

[Event "Soviet zonal"]
[Site "Vilnius URS"]
[Date "1975.08.??"]
[Round "12"]
[White "Balashov, Yury"]
[Black "Gufeld, Eduard"]
[Result "1-0"]
[WhiteElo "2540"]
[BlackElo "2535"]
[EventDate "1975.08.06"]
[PlyCount "149"]

1.d4 Nf6 2.Nf3 g6 3.Bg5 Bg7 4.Nbd2 d5 5.e3 O-O 6.c3 c6 7.Bd3 Qb6 8.Qb1 c5 
9.b4 cxd4 10.cxd4 Nc6 11.a3 Be6 12.O-O Rac8 13.Bh4 Kh8 14.Nb3 Rce8 15.Nc5 
Bc8 16.Rc1 e5 17.Na4 Qd8 18.Rxc6 e4 19.Rc1 exd3 20.Qxd3 h6 21.Bxf6 Bxf6 
22.Qc2 Re7 23.Nc5 Bf5 24.Nd3 Rfe8 25.Qb3 Qd6 26.Rc5 Be4 27.Nd2 b6 28.Rcc1 
Bf5 29.Nf3 Kg7 30.b5 Rc8 31.Nf4 Rxc1+ 32.Rxc1 Rc7 33.Rc3 Be4 34.Ne2 Be7 
35.a4 Bd8 36.Ne5 Bf6 37.Nc6 Qd7 38.Ng3 Bf5 39.Nb8 Rxc3 40.Qxc3 Qe6 41.Nc6 
h5 42.Nxf5+ Qxf5 43.Qb3 h4 44.h3 Qd7 45.Nb4 Qc7 46.Nxd5 Qc1+ 47.Kh2 Bd8 
48.Qc3 Qf1 49.Qc2 Qe1 50.Nf4 Be7 51.Qe2 Qa1 52.Qg4 Qa2 53.Kg1 Qa1+ 54.Kh2 
Qa2 55.e4 Qxf2 56.e5 Kh6 57.Ne2 Bg5 58.Qf3 Qe1 59.d5 Qd2 60.d6 Kg7 61.Qe4 
Kf8 62.Qa8+ Kg7 63.Qf3 Qb2 64.Nc3 Qd2 65.Ne2 Qb2 66.Qe4 Qd2 67.g3 hxg3+ 
68.Kxg3 f5 69.exf6+ Bxf6 70.Nf4 Qxd6 71.Qxg6+ Kf8 72.Qf5 Ke7 73.Qe4+ Be5 
74.Kg4 Qd4 75.Qxe5+ 1-0

[Event "Soviet zonal"]
[Site "Vilnius URS"]
[Date "1975.08.??"]
[Round "12"]
[White "Romanishin, Oleg"]
[Black "Gulko, Boris"]
[Result "1/2-1/2"]
[WhiteElo "2480"]
[BlackElo "2480"]
[EventDate "1975.08.06"]
[PlyCount "141"]

1.d4 Nf6 2.c4 e6 3.Nc3 Bb4 4.g3 c5 5.Nf3 b6 6.Bg2 Bb7 7.O-O cxd4 8.Qxd4 
Nc6 9.Qd3 O-O 10.Rd1 Rc8 11.Nb5 d5 12.cxd5 Qxd5 13.Qxd5 Nxd5 14.a3 Be7 15.
e4 Nf6 16.Bg5 a6 17.Nc3 h6 18.Be3 Na5 19.Nd2 Nd7 20.Nc4 Bc6 21.Nxa5 bxa5 
22.Rac1 Bc5 23.Bxc5 Nxc5 24.Rd6 Na4 25.Nxa4 Bxa4 26.Ra1 Rc6 27.Rxc6 Bxc6 
28.Rc1 Bb5 29.e5 Rd8 30.Be4 f6 31.exf6 gxf6 32.Rc3 Kf7 33.Rc7+ Rd7 34.
Rxd7+ Bxd7 35.f4 Ke7 36.Kf2 Kd6 37.Ke3 Kc5 38.Bd3 Bc8 39.g4 Kd5 40.h4 e5 
41.Be2 exf4+ 42.Kxf4 Kc5 43.Bd3 Kd6 44.Bf5 Bb7 45.Be4 Bc8 46.Bd3 Ke7 47.
Bf5 Bb7 48.Ke3 Kd6 49.Kd4 Kc7 50.Kc5 Bf3 51.Be6 Bb7 52.Bd5 Bc8 53.Bf3 Bd7 
54.Be2 Bc8 55.Kd5 Kd7 56.Bd3 Bb7+ 57.Kc5 Kc7 58.Bf1 Bc8 59.Be2 Bb7 60.Bd3 
Bc8 61.Kd5 Bxg4 62.Bxa6 Kd7 63.Kc5 Bd1 64.b4 axb4 65.axb4 f5 66.Kd5 f4 67.
Ke4 f3 68.Ke3 Kc6 69.Bd3 Kb6 70.Be4 Kb5 71.Bxf3 1/2-1/2

[Event "Soviet zonal"]
[Site "Vilnius URS"]
[Date "1975.08.??"]
[Round "12"]
[White "Taimanov, Mark"]
[Black "Grigorian, Karen"]
[Result "1/2-1/2"]
[WhiteElo "2580"]
[BlackElo "2520"]
[EventDate "1975.08.06"]
[PlyCount "65"]

1.c4 c5 2.Nf3 Nf6 3.g3 g6 4.Bg2 Bg7 5.O-O O-O 6.Nc3 d5 7.d3 Nc6 8.cxd5 
Nxd5 9.Bd2 Nc7 10.a3 b6 11.Rb1 Bb7 12.b4 Nd4 13.bxc5 Nxf3+ 14.Bxf3 Bxf3 
15.exf3 bxc5 16.Ne4 Ne6 17.Be3 Qa5 18.a4 Rab8 19.Qc2 Bd4 20.Bd2 Qa6 21.Qc4
Qxc4 22.dxc4 f5 23.Nc3 Bxc3 24.Bxc3 Nd4 25.Kg2 Kf7 26.f4 a6 27.Rfd1 Rfd8 
28.Ba5 Rdc8 29.Bb6 a5 30.Ba7 Rb4 31.Rxb4 axb4 32.a5 Nc6 33.Bxc5 1/2-1/2

[Event "Soviet zonal"]
[Site "Vilnius URS"]
[Date "1975.08.??"]
[Round "12"]
[White "Tseshkovsky, Vitaly"]
[Black "Tukmakov, Vladimir"]
[Result "1/2-1/2"]
[WhiteElo "2555"]
[BlackElo "2570"]
[EventDate "1975.08.06"]
[PlyCount "54"]

1.e4 c5 2.Nf3 Nc6 3.d4 cxd4 4.Nxd4 g6 5.Nc3 Bg7 6.Be3 Nf6 7.Bc4 O-O 8.Bb3 
a5 9.f3 d5 10.exd5 Nb4 11.Nde2 a4 12.Nxa4 Nfxd5 13.Bf2 Bf5 14.a3 Nxc2+ 15.
Bxc2 Qa5+ 16.b4 Nxb4 17.axb4 Qxb4+ 18.Qd2 Qxd2+ 19.Kxd2 Bxa1 20.Rxa1 Rfd8+
21.Kc1 Rdc8 22.Nd4 b5 23.Nxf5 gxf5 24.Kb1 bxa4 25.Rxa4 Rxa4 26.Bxa4 e6 27.
Bc2 f6 1/2-1/2

[Event "Soviet zonal"]
[Site "Vilnius URS"]
[Date "1975.08.??"]
[Round "13"]
[White "Dvoretsky, Mark"]
[Black "Romanishin, Oleg"]
[Result "1-0"]
[WhiteElo "2495"]
[BlackElo "2480"]
[EventDate "1975.08.06"]
[PlyCount "59"]

1.e4 e5 2.Nf3 Nc6 3.Bb5 a6 4.Bxc6 dxc6 5.O-O Qd6 6.d3 f6 7.Be3 c5 8.Nbd2 
Be6 9.Qe2 Ne7 10.c3 O-O-O 11.d4 cxd4 12.cxd4 exd4 13.Nxd4 Nc6 14.Nxc6 Qxc6
15.Rfc1 Qb5 16.Nc4 Bc5 17.a4 Qb4 18.Bd2 Qb3 19.Ba5 Bxc4 20.Rxc4 Bd6 21.
Rac1 Rd7 22.g3 Kb8 23.R1c3 Qa2 24.Qc2 Rc8 25.Rb3 Be5 26.Rxb7+ Ka8 27.Rb6 
Ka7 28.Rb7+ Ka8 29.Rcb4 Qe6 30.Qc5 1-0

[Event "Soviet zonal"]
[Site "Vilnius URS"]
[Date "1975.08.??"]
[Round "13"]
[White "Grigorian, Karen"]
[Black "Alburt, Lev"]
[Result "0-1"]
[WhiteElo "2520"]
[BlackElo "2420"]
[EventDate "1975.08.06"]
[PlyCount "74"]

1.c4 c5 2.b3 Nc6 3.Bb2 Nf6 4.Nf3 e6 5.g3 d5 6.Bg2 d4 7.O-O e5 8.e3 Be7 9.
exd4 exd4 10.d3 O-O 11.Na3 Bf5 12.Nc2 a5 13.Re1 Bd6 14.Nh4 Bg4 15.Qd2 h6 
16.Na3 Rc8 17.h3 Bd7 18.Nb5 Bb8 19.a3 Nh5 20.b4 b6 21.bxc5 bxc5 22.Nf3 Qf6
23.Re4 Bf5 24.Ree1 Nxg3 25.fxg3 Bxg3 26.Rf1 Qg6 27.Ne1 Bb8 28.Rxf5 Qxf5 
29.Qf2 Qg6 30.Kh1 Qh5 31.Nf3 Rfe8 32.Re1 Qf5 33.Qf1 Qf4 34.Bc1 Qg3 35.Re2 
Rxe2 36.Qxe2 Ne5 37.Qe1 Nxd3 0-1